El Subdesarrollo, el desarrollo y la CEPAL

Analiza la dependencia económica de Centro América y el modelo de "desarrollo hacia adentro" de la CEPAL plantea el problema de la dependencia de los países que se convirtieron en primario-exportador frente a los manufactureros desarrollados dentro del contexto de la división internacional...

وصف كامل

محفوظ في:
التفاصيل البيبلوغرافية
المؤلف الرئيسي: Godoy R, Virgilio
التنسيق: نص
منشور في: Managua :
الموضوعات:
الوسوم: إضافة وسم
لا توجد وسوم, كن أول من يضع وسما على هذه التسجيلة!

MARC

LEADER 00000 a a2200000 04500
001 15657
003
040
090 |a 029800  
100 |a Godoy R, Virgilio  
245 |a El Subdesarrollo, el desarrollo y la CEPAL  
260 |a Managua :  
300 |a 40 p  
520 |a Analiza la dependencia económica de Centro América y el modelo de "desarrollo hacia adentro" de la CEPAL plantea el problema de la dependencia de los países que se convirtieron en primario-exportador frente a los manufactureros desarrollados dentro del contexto de la división internacional del trabajo presenta y analiza las tesis de la CEPAL referentes al caso Centroamericano./ALLV  
650 |a DESARROLLO ECONOMICO  
650 |a DEPENDENCIA  
650 |a INTEGRACION ECONOMICA  
650 |a MODELOS ECONOMICOS  
999 |c 13514  |d 13514